[Event "European Club Cup"]
[Site "chess24.com"]
[Date "2018.10.18"]
[Round "7"]
[White "Hajra, Driton"]
[Black "Vozinaki, Anthi - Maria"]
[Result "0-1"]
[Board "5"]
[WhiteElo "1978"]
[WhiteCountry "KOS"]
[WhiteFideId "953881"]
[WhiteEloChange "-9"]
[BlackElo "2022"]
[BlackCountry "GRE"]
[BlackFideId "4263898"]
[BlackEloChange "9"]

1. e4 {[%clk 1:28:47]} c5 {[%clk 1:30:53]} 2. Nf3 {[%clk 1:29:07]} e6 {[%clk
1:31:18]} 3. d4 {[%clk 1:29:09]} cxd4 {[%clk 1:31:44]} 4. Nxd4 {[%clk 1:29:32]}
Nf6 {[%clk 1:31:43]} 5. Bd3 {[%clk 1:28:31]} Nc6 {[%clk 1:30:14]} 6. Nxc6 {[%clk
1:26:06]} bxc6 {[%clk 1:30:17]} 7. c4 {[%clk 1:25:35]} d5 {[%clk 1:23:34]} 8. Qa4
{[%clk 1:19:25]} Bd7 {[%clk 1:14:52]} 9. e5 {[%clk 1:15:03]} Ng4 {[%clk 1:05:14]}
10. Bf4 {[%clk 1:02:37]} Qb6 {[%clk 0:59:21]} 11. O-O {[%clk 0:46:58]} Qxb2
{[%clk 0:54:42]} 12. Qb3 {[%clk 0:36:01]} Qd4 {[%clk 0:47:22]} 13. Bg3 {[%clk
0:33:10]} Nxe5 {[%clk 0:39:05]} 14. Bxe5 {[%clk 0:30:01]} Qxe5 {[%clk 0:39:27]}
15. Nd2 {[%clk 0:29:48]} Rb8 {[%clk 0:36:23]} 16. Nf3 {[%clk 0:25:16]} Qf4 {[%clk
0:32:19]} 17. Qc3 {[%clk 0:18:43]} Be7 {[%clk 0:29:24]} 18. Qe5 {[%clk 0:18:30]}
Qxe5 {[%clk 0:27:55]} 19. Nxe5 {[%clk 0:18:50]} Bf6 {[%clk 0:27:07]} 20. Nxd7
{[%clk 0:19:02]} Kxd7 {[%clk 0:27:31]} 21. Rab1 {[%clk 0:19:22]} Kd6 {[%clk
0:25:46]} 22. Rfc1 {[%clk 0:15:41]} Bg5 {[%clk 0:23:26]} 23. Rd1 {[%clk 0:12:11]}
Kc5 {[%clk 0:20:49]} 24. cxd5 {[%clk 0:10:49]} exd5 {[%clk 0:20:39]} 25. Kf1
{[%clk 0:10:33]} Rb6 {[%clk 0:20:21]} 26. Bc2 {[%clk 0:08:24]} Rhb8 {[%clk
0:19:01]} 27. Bb3 {[%clk 0:08:22]} a5 {[%clk 0:17:03]} 28. Rb2 {[%clk 0:08:21]}
Rb4 {[%clk 0:16:12]} 29. Rc2+ {[%clk 0:08:22]} Kd6 {[%clk 0:16:33]} 30. Bc4
{[%clk 0:05:47]} Rb2 {[%clk 0:14:08]} 31. Rc3 {[%clk 0:04:09]} Rb1 {[%clk
0:10:06]} 32. Rd3 {[%clk 0:03:54]} Rxd1+ {[%clk 0:06:48]} 33. Rxd1 {[%clk
0:04:15]} Rb4 {[%clk 0:06:48]} 34. Bb3 {[%clk 0:04:02]} a4 {[%clk 0:06:43]} 35.
Bc2 {[%clk 0:04:23]} c5 {[%clk 0:07:05]} 36. Rd3 {[%clk 0:03:50]} Rc4 {[%clk
0:04:59]} 37. Bd1 {[%clk 0:03:35]} Bc1 {[%clk 0:03:32]} 38. Bf3 {[%clk 0:03:15]}
d4 {[%clk 0:03:31]} 39. Be4 {[%clk 0:03:14]} Ke5 {[%clk 0:02:45]} 40. Bxh7 {[%clk
0:32:51]} Bg5 {[%clk 0:31:25]} 41. Ra3 {[%clk 0:31:58]} Rc1+ {[%clk 0:25:41]} 42.
Ke2 {[%clk 0:31:35]} g6 {[%clk 0:24:10]} 43. g3 {[%clk 0:30:10]} c4 {[%clk
0:15:51]} 44. f4+ {[%clk 0:26:48]} Ke4 {[%clk 0:15:42]} 45. fxg5 {[%clk 0:24:41]}
d3+ {[%clk 0:15:27]} 46. Kd2 {[%clk 0:24:43]} Rc2+ {[%clk 0:15:44]} 47. Kd1
{[%clk 0:22:19]} Ke3 {[%clk 0:14:09]} 48. Bg8 {[%clk 0:19:59]} Rxh2 {[%clk
0:14:11]} 49. Kc1 {[%clk 0:20:22]} Ke2 {[%clk 0:13:50]} 0-1